Life cycle of a frog. (Record no. 116517)
[ view plain ]
| 000 -LEADER | |
|---|---|
| fixed length control field | 00294nam a2200121 a 4500 |
| 005 - DATE AND TIME OF LATEST TRANSACTION | |
| control field | 20140513081056.0 |
| 008 - FIXED-LENGTH DATA ELEMENTS--GENERAL INFORMATION | |
| fixed length control field | 070202s19uu xx 00 eng d |
| 050 ## - LIBRARY OF CONGRESS CALL NUMBER | |
| Classification number | P |
| Item number | LIF 2006 |
| 245 ## - TITLE STATEMENT | |
| Title | Life cycle of a frog. |
| 260 ## - PUBLICATION, DISTRIBUTION, ETC. (IMPRINT) | |
| Name of publisher, distributor, etc | Carson Dellosa, |
| Date of publication, distribution, etc | 2006. |
| 650 ## - SUBJECT ADDED ENTRY--TOPICAL TERM | |
| Topical term or geographic name as entry element | Frog- |
| General subdivision | cycle |
| Withdrawn status | Lost status | Damaged status | Home library | Current library | Shelving location | Date acquired | Source of acquisition | Cost, normal purchase price | Total Checkouts | Full call number | Barcode | Date last seen | Price effective from | Koha item type |
|---|---|---|---|---|---|---|---|---|---|---|---|---|---|---|
| Elizalde Library | Elizalde Library | KIT Section | 02/02/2007 | 348.00 | P LIF 2006 | E605 | 05/13/2014 | 05/13/2014 | Kits |